000 00446cam a22001934a 4500
005 20250605164202.0
008 250528s ||||||||||||||||||||||||d
035 _a19754
020 _a415084679
040 _aGR-AtMCL
_bgre
_dGR-AtMCL
_eAACR2
245 1 _aTHE CHANGE MASTERS
250 _a1
260 _bRouledge,
_c1995
300 _a432
700 1 _aKanter Moss Rosabeth
_91407
942 _cBK
999 _c5010
_d5010